000 01212nmm a2200313 a 4500
001 ocm000714362
003 TR-IsHL
005 20201028154317.0
008 150709s2001 tu tur
007 cr cn
035 _a714362
_b(N$T)
050 0 4 _aHF5548.2
_bK63 2001
090 0 4 _aHF5548.2
_bK63 2001
245 1 0 _aKOBİ'lerde bilgisayar teknolojileri uygulamaları: KOBİ yöneticilerinin elektronik-ticaret uygulamalarına ilişkin tutumları ve e-ticaret uygulayan bir işyerinde çalışanların örgüt iklimini algılamaları
_h[electronic resource] /
_chaz. Mehmet Yahyagil
250 _a1. bs.
260 _aİstanbul :
_bİstanbul Ticaret Odası,
_c2001
300 _a124 p.
650 4 _aEkonomi ve Finans
650 4 _aEconomics and Finance
650 0 _aKüçük işletmeler
650 0 _aSmall business
650 0 _aElektronik ticaret
650 0 _aElectronic commerce
650 0 _aElektronik bilgi işlem
650 0 _aElectronic data processing
650 7 _aBUSINESS & ECONOMICS / E-Commerce / Auctions & Small Business
_2bisacsh
700 1 _aYahyagil, Mehmet
856 4 0 _uhttp://search.ebscohost.com/login.aspx?direct=true&scope=site&db=e011xww&AN=714362
999 _c12510
_d12510